Agent Zigzag : (Record no. 613)

000 -LEADER
fixed length control field 03250nam a22005417a 4500
001 - CONTROL NUMBER
control field 15029700
003 - CONTROL NUMBER IDENTIFIER
control field OSt
005 - DATE AND TIME OF LATEST TRANSACTION
control field 20210421055618.0
008 - FIXED-LENGTH DATA ELEMENTS--GENERAL INFORMATION
fixed length control field 061212r20072007nyuaf b 001 0beng
010 ## - LIBRARY OF CONGRESS CONTROL NUMBER
LC control number 2006101603
020 ## - INTERNATIONAL STANDARD BOOK NUMBER
International Standard Book Number 9780307353405
020 ## - INTERNATIONAL STANDARD BOOK NUMBER
International Standard Book Number 0307353400
035 ## - SYSTEM CONTROL NUMBER
System control number (OCoLC)ocm77004296
035 ## - SYSTEM CONTROL NUMBER
System control number (OCoLC)77004296
Canceled/invalid control number (OCoLC)148892385
040 ## - CATALOGING SOURCE
Original cataloging agency DLC
Transcribing agency DLC
Modifying agency YDX
-- BTCTA
-- BAKER
-- JED
-- KLC
-- YDXCP
-- BUR
-- DLC
Language of cataloging eng
041 ## - LANGUAGE CODE
Language code of text/sound track or separate title eng
043 ## - GEOGRAPHIC AREA CODE
Geographic area code e-gx---
-- e-uk---
050 00 - LIBRARY OF CONGRESS CALL NUMBER
Classification number D810.S8
Item number C385 2007
080 ## - UNIVERSAL DECIMAL CLASSIFICATION NUMBER
Universal Decimal Classification number 92
Item number M-12
082 00 - DEWEY DECIMAL CLASSIFICATION NUMBER
Classification number 940.54/8641092
-- B
Edition number 22
100 1# - MAIN ENTRY--PERSONAL NAME
Personal name Macintyre, Ben,
Dates associated with a name 1963-
245 10 - TITLE STATEMENT
Title Agent Zigzag :
Remainder of title a true story of Nazi espionage, love, and betrayal /
Statement of responsibility, etc. Ben MacIntyre.
250 ## - EDITION STATEMENT
Edition statement 1st American ed.
260 ## - PUBLICATION, DISTRIBUTION, ETC.
Place of publication, distribution, etc. New York :
Name of publisher, distributor, etc. Harmony Books,
Date of publication, distribution, etc. c2007.
300 ## - PHYSICAL DESCRIPTION
Extent xii, 364 p., [16] p. of plates :
Other physical details ill. ;
Dimensions 24 cm.
365 ## - TRADE PRICE
Price amount 25.95 usd
500 ## - GENERAL NOTE
General note Originally published: London : Bloomsbury, c2007.
504 ## - BIBLIOGRAPHY, ETC. NOTE
Bibliography, etc. note Includes bibliographical references (p. [311]-351) and index.
520 ## - SUMMARY, ETC.
Summary, etc. Eddie Chapman was a charming criminal, a con man, and a philanderer. He was also one of the most remarkable double agents Britain has ever produced. In 1941, after training as a German spy in occupied France, Chapman was parachuted into Britain with orders to blow up an airplane factory. Instead, he contacted MI5, the British Secret Service. For the next four years, he worked as a double agent, a British spy at the heart of the German Secret Service. Crisscrossing Europe under different names, weaving plans, spreading disinformation, and miraculously keeping his stories straight under intense interrogation, he even managed to gain some profit and seduce beautiful women along the way. MI5 has now declassified all of Chapman's files, allowing the full story to be told, a unique glimpse into the psychology of espionage, with its thin and shifting line between fidelity and betrayal.--From publisher description.
600 10 - SUBJECT ADDED ENTRY--PERSONAL NAME
Personal name Chapman, Eddie.
650 #0 - SUBJECT ADDED ENTRY--TOPICAL TERM
Topical term or geographic name entry element World War, 1939-1945
General subdivision Secret service
Geographic subdivision Germany.
650 #0 - SUBJECT ADDED ENTRY--TOPICAL TERM
Topical term or geographic name entry element Biography
9 (RLIN) 237
650 #0 - SUBJECT ADDED ENTRY--TOPICAL TERM
Topical term or geographic name entry element World War, 1939-1945
General subdivision Secret service
Geographic subdivision Great Britain.
650 #0 - SUBJECT ADDED ENTRY--TOPICAL TERM
Topical term or geographic name entry element Spies
Geographic subdivision Great Britain
Form subdivision Biography.
650 #0 - SUBJECT ADDED ENTRY--TOPICAL TERM
Topical term or geographic name entry element Spies
Geographic subdivision Germany
Form subdivision Biography.
650 #0 - SUBJECT ADDED ENTRY--TOPICAL TERM
Topical term or geographic name entry element Espionage
Geographic subdivision Germany
General subdivision History
Chronological subdivision 20th century.
650 #0 - SUBJECT ADDED ENTRY--TOPICAL TERM
Topical term or geographic name entry element Espionage
Geographic subdivision Great Britain
General subdivision History
Chronological subdivision 20th century.
653 ## - INDEX TERM--UNCONTROLLED
Uncontrolled term ბიოგრაფია
653 ## - INDEX TERM--UNCONTROLLED
Uncontrolled term მეორე მსოფლიო ომი
653 ## - INDEX TERM--UNCONTROLLED
Uncontrolled term ჯაშუშები
856 41 - ELECTRONIC LOCATION AND ACCESS
Materials specified Table of contents only
Uniform Resource Identifier <a href="http://www.loc.gov/catdir/toc/ecip076/2006101603.html">http://www.loc.gov/catdir/toc/ecip076/2006101603.html</a>
856 42 - ELECTRONIC LOCATION AND ACCESS
Materials specified Publisher description
Uniform Resource Identifier <a href="http://www.loc.gov/catdir/enhancements/fy0801/2006101603-d.html">http://www.loc.gov/catdir/enhancements/fy0801/2006101603-d.html</a>
856 42 - ELECTRONIC LOCATION AND ACCESS
Materials specified Contributor biographical information
Uniform Resource Identifier <a href="http://www.loc.gov/catdir/enhancements/fy0801/2006101603-b.html">http://www.loc.gov/catdir/enhancements/fy0801/2006101603-b.html</a>
856 41 - ELECTRONIC LOCATION AND ACCESS
Materials specified Sample text
Uniform Resource Identifier <a href="http://www.loc.gov/catdir/enhancements/fy0803/2006101603-s.html">http://www.loc.gov/catdir/enhancements/fy0803/2006101603-s.html</a>
906 ## - LOCAL DATA ELEMENT F, LDF (RLIN)
a 7
b cbc
c orignew
d 1
e ecip
f 20
g y-gencatlg
942 ## - ADDED ENTRY ELEMENTS (KOHA)
Source of classification or shelving scheme
Koha item type Books
Edition 1
Holdings
Withdrawn status Lost status Source of classification or shelving scheme Damaged status Not for loan Permanent location Current location Date acquired Inventory number Total Checkouts Full call number Barcode Date last seen Price effective from Koha item type
          Ken Walker International University Ken Walker International University 12/14/2020 437   92 M-12 437 12/14/2020 12/14/2020 Books

Powered by Koha